Les eaux fortes de Goya (Record no. 2597)

MARC details
000 -CABECERA
campo de control de longitud fija 00990nam a2200253 a 4500
001 - NÚMERO DE CONTROL
campo de control BRCA_2858
005 - FECHA Y HORA DE LA ÚLTIMA TRANSACCIÓN
campo de control 20190320204013.0
008 - DATOS DE LONGITUD FIJA--INFORMACIÓN GENERAL
campo de control de longitud fija 101208s--------fr-a---###---#000-0#fre-#
041 ## - CÓDIGO DE LENGUA
Código de lengua del texto/banda sonora o título independiente fre
044 ## - CÓDIGO DEL PAÍS DE LA ENTIDAD EDITORA/PRODUCTORA
Código MARC del país fr
050 #4 - SIGNATURA TOPOGRÁFICA DE LA BIBLIOTECA DEL CONGRESO
Número de clasificación ND813.G6
Número de documento/Ítem .E28 1945
245 10 - MENCIÓN DE TÍTULO
Título Les eaux fortes de Goya
Resto del título les eauxfortes, les caprices, les disastres de la guerre, la tauromachie, les songes: [collection Andres Laszlo: exposition intinerante]
Mención de responsabilidad, etc. Francisco José de Goya y Lucientes.
260 ## - PUBLICACIÓN, DISTRIBUCIÓN, ETC.
Lugar de publicación, distribución, etc. Paris
Nombre del editor, distribuidor, etc. A. Nory
Fecha de publicación, distribución, etc. 1945
300 ## - DESCRIPCIÓN FÍSICA
Extensión 48 p.
Otras características físicas il.
Dimensiones 21 cm.
500 ## - NOTA GENERAL
Nota general La biblioteca tiene 3 ejemplares con el mismo número de inventario
500 ## - NOTA GENERAL
Nota general Los comentarios del presente catálogo fueron extraidos de la obra de Andres Laszlo sobre Goya traducida del español por Marcial Retuerto
500 ## - NOTA GENERAL
Nota general AA29
650 14 - PUNTO DE ACCESO ADICIONAL DE MATERIA--TÉRMINO DE MATERIA
Término de materia o nombre geográfico como elemento de entrada Grabados españoles
9 (RLIN) 7986
650 14 - PUNTO DE ACCESO ADICIONAL DE MATERIA--TÉRMINO DE MATERIA
Término de materia o nombre geográfico como elemento de entrada Grabadores españoles
9 (RLIN) 7740
700 1# - PUNTO DE ACCESO ADICIONAL--NOMBRE DE PERSONA
Nombre de persona Laszlo, Andres
9 (RLIN) 7987
700 1# - PUNTO DE ACCESO ADICIONAL--NOMBRE DE PERSONA
Nombre de persona Retuerto, Marcial
Término indicativo de función/relación tr
9 (RLIN) 7988
902 ## - CATALOGADOR
Iniciales GFM
942 ## - ELEMENTOS DE PUNTO DE ACCESO ADICIONAL (KOHA)
Fuente del sistema de clasificación o colocación Library of Congress Classification
Tipo de ítem Koha Libros
Holdings
Estado de retiro Estado de pérdida Estado dañado No para préstamo Localización permanente Ubicación/localización actual Fecha de adquisición Número de inventario Total de préstamos Signatura topográfica completa Código de barras Fecha visto por última vez Precio válido a partir de Tipo de ítem Koha
El ejemplar forma parte de la colección y puede ser consultado según las políticas vigentes.       Biblioteca del Museo Franz Mayer (Rogerio Casas-Alatriste) Biblioteca del Museo Franz Mayer (Rogerio Casas-Alatriste) 10/12/2008 AA29   ND813.G6 .E28 1945 (AA29) 2855 22/03/2019 22/03/2019 Libros